Directives de qualité pour l'eau de boisson (Additif au Volume 1: Recommandations)
Ce livre contient des valeurs guides pour un certain nombre de substances chimiques pouvant être présentées dans l'eau de boisson, parmi lesquelles des substances inorganiques (aluminium, bore, cuivre, nickel, nitrates, nitrites et uranium), des sibstances organiques (acide édétique, micr...
Spremljeno u:
| Glavni autor: | |
|---|---|
| Format: | Knjiga |
| Jezik: | Undetermined |
| Izdano: |
Genève, Suisse
OMS
1998
|
| Teme: | |
| Oznake: |
Dodaj oznaku
Bez oznaka, Budi prvi tko označuje ovaj zapis!
|
| Thư viện lưu trữ: | Trung tâm Học liệu Trường Đại học Cần Thơ |
|---|
| LEADER | 01204nam a2200193Ia 4500 | ||
|---|---|---|---|
| 001 | CTU_30254 | ||
| 008 | 210402s9999 xx 000 0 und d | ||
| 082 | |a 613.287 | ||
| 082 | |b O.68r/Vol.1 | ||
| 100 | |a OMS | ||
| 245 | 0 | |a Directives de qualité pour l'eau de boisson (Additif au Volume 1: Recommandations) | |
| 245 | 0 | |c OMS | |
| 260 | |a Genève, Suisse | ||
| 260 | |b OMS | ||
| 260 | |c 1998 | ||
| 520 | |a Ce livre contient des valeurs guides pour un certain nombre de substances chimiques pouvant être présentées dans l'eau de boisson, parmi lesquelles des substances inorganiques (aluminium, bore, cuivre, nickel, nitrates, nitrites et uranium), des sibstances organiques (acide édétique, microcystine LR, hydrocarbures aromatiques polycycliques), des pesticides (bentazone, carbofurane, cyanazine, 1,2-dibromoéthane, acide 2,4-dichlorophénoxyacétique, 1,2-dichloropropane, diquat, glyphosate, pentachlorophénol et terbuthylazine) et un sous-produit de la désinfection (chloroforme) | ||
| 650 | |a drinking water - standards,public health,water - analysis,water - composition,water quality | ||
| 904 | |i Minh, 990512 | ||
| 980 | |a Trung tâm Học liệu Trường Đại học Cần Thơ | ||